A guide to Acts (Record no. 22983)

MARC details
000 -LEADER
fixed length control field 00343nam a22001457a 4500
020 ## - INTERNATIONAL STANDARD BOOK NUMBER
ISBN 8172141165
082 ## - DEWEY DECIMAL CLASSIFICATION NUMBER
Classification number 226.606
Author Cutter HAR
100 ## - MAIN ENTRY--AUTHOR NAME
Author name Hargreaves, John, 1911-2008
245 ## - TITLE STATEMENT
Title A guide to Acts
260 ## - PUBLICATION, DISTRIBUTION, ETC. (IMPRINT)
Place of publication Delhi
Name of publisher ISPCK
Year of publication 2018
300 ## - PHYSICAL DESCRIPTION
Number of Pages 253
650 ## - SUBJECT ADDED ENTRY--TOPICAL TERM
Topical Term Bible.--Acts
-- Bible. -- Acts -- Commentaries.
942 ## - ADDED ENTRY ELEMENTS (KOHA)
Koha item type Books
Holdings
Home library Current library Shelving location Date acquired Source of acquisition Cost, normal purchase price Full call number Accession Number Koha item type
Henry Martyn Institute Library Henry Martyn Institute Library General stacks 06/12/2020 ISPCK 125.00 226.606 HAR 11004423 Books
                   Copyright © 2026 | Henry Martyn Institute | Hyderabad | TS-500052 | INDIA | Implemented by hmi.edu.in
Hit-Count:

Powered by Koha